Chemistry of antibiotics and related drugs (Record no. 360853)
[ view plain ]
| 000 -LEADER | |
|---|---|
| fixed length control field | 00589 a2200217 4500 |
| 005 - DATE & TIME | |
| control field | 20250508094652.0 |
| 008 - FIXED-LENGTH DATA ELEMENTS--GENERAL INFORMATION | |
| fixed length control field | 250507b |||||||| |||| 00| 0 eng d |
| 020 ## - ISBN | |
| International Standard Book Number | 9783031075810 |
| Price | £ 49.99 |
| 040 ## - CATALOGING SOURCE | |
| Original cataloging agency | VIVEKANANDA LIBRARY |
| 082 ## - DDC NUMBER | |
| Classification number | 615.7922 |
| Book Number | B469(2) |
| 100 ## - MAIN ENTRY--PERSONAL NAME | |
| Personal name | Bhattacharjee, Mrinal K |
| 245 ## - TITLE STATEMENT | |
| Title | Chemistry of antibiotics and related drugs |
| 250 ## - EDITION STATEMENT | |
| Edition statement | 2nd |
| 260 ## - PUBLICATION, DISTRIBUTION, ETC. (IMPRINT) | |
| Name of publisher, distributor, etc | Springer |
| Date of publication, distribution, etc | 2016 |
| Place of publication, distribution, etc | Switzerland |
| 300 ## - PHYSICAL DESCRIPTION | |
| Pages | xiii, 268 |
| 650 ## - Subject | |
| Subject | Pharmaceutical Science |
| 650 ## - Subject | |
| General subdivision | Antibiotics Drugs |
| 650 ## - Subject | |
| General subdivision | Antibiotic Stewardship |
| 650 ## - Subject | |
| General subdivision | Enzyme Mechanisms |
| 942 ## - ADDED ENTRY ELEMENTS (KOHA) | |
| Koha item type | Books |
| Withdrawn status | Lost status | Source of classification or shelving scheme | Damaged status | Not for loan | Location (home branch) | Sublocation or collection (holding branch) | Shelving location | Date acquired | Koha issues (times borrowed) | Koha full call number | Accession No. | Koha date last seen | Koha item type |
|---|---|---|---|---|---|---|---|---|---|---|---|---|---|
| Dewey Decimal Classification | VIVEKANANDA LIBRARY | VIVEKANANDA LIBRARY | Vivekananda Library | 22/02/2025 | 615.7922 B469(2) | 437798 | 22/02/2025 | Books |
